00325nam a2200121Ia 4500008004100000020001400041050001500055100002000070245003500090260004100125300002400166650001300190150202s9999 xx 000 0 und d a373055870 aFIC bFIC  aMerrit, Jackie. aMaggie's man /cJackie Merrit. aNew York :bSilhouette Books,c1990. a188 pages :c18 cm. aFiction.